000 00547nam a2200181Ia 4500
008 100920s9999 xx 000 0 und d
082 _b23050
_a--- 0
100 _aपारगावकर वि. शं.
245 _aशेवगा वेडा झाला.
260 _b---
_c0
300 _a125
_bसाधी
365 _b5
520 _aकादंबरी.
630 _aशेवगा वेडा झाला.
650 _aकादंबरी.
730 _aशेवगा वेडा झाला.
942 _cBOOK
999 _c682119
_d682116